Multimedia systems : (Record no. 19142)
[ view plain ]
| 000 -LEADER | |
|---|---|
| fixed length control field | 00910cam a22002537a 4500 |
| 001 - CONTROL NUMBER | |
| control field | 16680882 |
| 005 - DATE AND TIME OF LATEST TRANSACTION | |
| control field | 20150331110053.0 |
| 008 - FIXED-LENGTH DATA ELEMENTS--GENERAL INFORMATION | |
| fixed length control field | 110307t2010 maua fr 001 0 eng d |
| 020 ## - INTERNATIONAL STANDARD BOOK NUMBER | |
| International Standard Book Number | 9781418835941 (pbk.) |
| 020 ## - INTERNATIONAL STANDARD BOOK NUMBER | |
| International Standard Book Number | 1418835943 (pbk.) |
| 040 ## - CATALOGING SOURCE | |
| Original cataloging agency | UKM |
| Transcribing agency | UKM |
| Modifying agency | YDXCP |
| -- | TXA |
| -- | BTCTA |
| -- | VRC |
| -- | DLC |
| -- | EG-ScBUE |
| 082 00 - DEWEY DECIMAL CLASSIFICATION NUMBER | |
| Classification number | 006.7 |
| Edition number | 22 |
| Item number | HAV |
| 100 1# - MAIN ENTRY--PERSONAL NAME | |
| Personal name | Havaldar, Parag. |
| 9 (RLIN) | 37551 |
| 245 10 - TITLE STATEMENT | |
| Title | Multimedia systems : |
| Remainder of title | algorithms, standards, and industry practices / |
| Statement of responsibility, etc | Parag Havaldar and Gerard Medioni. |
| 260 ## - PUBLICATION, DISTRIBUTION, ETC. (IMPRINT) | |
| Place of publication, distribution, etc | Boston : |
| Name of publisher, distributor, etc | Course Technology, Cengage Learning, |
| Date of publication, distribution, etc | c.2010. |
| 300 ## - PHYSICAL DESCRIPTION | |
| Extent | xxiii, 560 p. : |
| Other physical details | ill. (col.) ; |
| Dimensions | 24 cm. |
| 500 ## - GENERAL NOTE | |
| General note | Index : p. 545-560. |
| 650 #0 - SUBJECT ADDED ENTRY--TOPICAL TERM | |
| Topical term or geographic name as entry element | Multimedia systems |
| Form subdivision | Textbooks. |
| 9 (RLIN) | 37553 |
| 650 #0 - SUBJECT ADDED ENTRY--TOPICAL TERM | |
| Topical term or geographic name as entry element | Multimedia systems industry |
| Form subdivision | Textbooks. |
| 9 (RLIN) | 37554 |
| 653 ## - INDEX TERM--UNCONTROLLED | |
| Resource For college | Engineering, Electrical |
| Arrived date list | March2015 |
| 655 ## - INDEX TERM--GENRE/FORM | |
| Form subdivision | |
| -- | 34232 |
| 700 1# - ADDED ENTRY--PERSONAL NAME | |
| Personal name | Medioni, GeÌrard |
| 9 (RLIN) | 37556 |
| 942 ## - ADDED ENTRY ELEMENTS (KOHA) | |
| Source of classification or shelving scheme | Dewey Decimal Classification |
| Call number prefix | 006.7 HAV |
| Withdrawn status | Item status | Source of classification or shelving scheme | Damaged status | Not for loan | Vendor | Home library | Current library | Shelving location | Date acquired | Source of acquisition | Total Checkouts | Full call number | Barcode | Date last seen | Date last borrowed | Koha item type |
|---|---|---|---|---|---|---|---|---|---|---|---|---|---|---|---|---|
| Dewey Decimal Classification | Baccah | Central Library | Central Library | Lower Floor | 31/03/2015 | 1 | 006.7 HAV | 000037870 | 15/07/2025 | 21/12/2023 | Book - Borrowing |